Statistics for Countries with Deaths from Nuclear and Radiation Incidents

Click here to take the quiz!

General Stats

  • This quiz has been taken 501 times
  • The average score is 13 of 24

Answer Stats

Country% Correct
Japan
99%
United States
98%
Russia
97%
Ukraine
91%
France
89%
China
87%
India
82%
Mexico
67%
Spain
67%
Brazil
64%
United Kingdom
62%
Belarus
58%
Israel
57%
South Africa
52%
Egypt
40%
Thailand
28%
Estonia
27%
Marshall Islands
24%
Morocco
18%
Slovakia
18%
Azerbaijan
15%
Panama
10%
Costa Rica
6%
El Salvador
4%

Score Distribution

Percentile by Number Answered

Percent of People with Each Score

Your Score History

You have not taken this quiz